<?xml version="1.0" encoding="UTF-8"?>
<record
    xmlns:xsi="http://www.w3.org/2001/XMLSchema-instance"
    xsi:schemaLocation="http://www.loc.gov/MARC21/slim http://www.loc.gov/standards/marcxml/schema/MARC21slim.xsd"
    xmlns="http://www.loc.gov/MARC21/slim">

  <leader>01924nas a2200277Ia 4500</leader>
  <controlfield tag="001">R050-R1505</controlfield>
  <controlfield tag="003">IT-CnALBA</controlfield>
  <controlfield tag="008">170116c99999999xx ||||||||||||   ||und||</controlfield>
  <datafield tag="040" ind1=" " ind2=" ">
    <subfield code="a">IT-CnALBA</subfield>
    <subfield code="c">IT-CnALBA</subfield>
  </datafield>
  <datafield tag="041" ind1=" " ind2=" ">
    <subfield code="a">ITALIANO</subfield>
  </datafield>
  <datafield tag="100" ind1=" " ind2=" ">
    <subfield code="a">MARTINI MARCO</subfield>
  </datafield>
  <datafield tag="210" ind1=" " ind2=" ">
    <subfield code="a">LA NUOVA EUROPA</subfield>
  </datafield>
  <datafield tag="222" ind1=" " ind2=" ">
    <subfield code="a">LA NUOVA EUROPA</subfield>
  </datafield>
  <datafield tag="245" ind1=" " ind2="0">
    <subfield code="a">LA NUOVA EUROPA. N. V. ANNO I. SETTEMBRE-OTTOBRE 1992. RIVISTA INTERNAZIONALE DI CULTURA. </subfield>
    <subfield code="b"> RIVISTA INTERNAZIONALE DI CULTURA</subfield>
  </datafield>
  <datafield tag="250" ind1=" " ind2=" ">
    <subfield code="a">1a ed.</subfield>
  </datafield>
  <datafield tag="260" ind1=" " ind2=" ">
    <subfield code="a">MILANO</subfield>
    <subfield code="b">LA CASA DI MATRIONA EDIZIONI </subfield>
    <subfield code="c">1992</subfield>
  </datafield>
  <datafield tag="300" ind1=" " ind2=" ">
    <subfield code="a">128 p. </subfield>
  </datafield>
  <datafield tag="310" ind1=" " ind2=" ">
    <subfield code="a">BIMESTRALE</subfield>
  </datafield>
  <datafield tag="362" ind1=" " ind2=" ">
    <subfield code="a">Fascicolo: 5 / Anno: 1 (1992)</subfield>
  </datafield>
  <datafield tag="500" ind1=" " ind2=" ">
    <subfield code="a">EDITORIALE, TRAGEDIA JUGOSLAVA. LETTERE DEI LETTORI. ILLUSTRAZIONI BIANCO NERO E COLORI NEL TESTO. RECENSIONI LIBRARIE. GUZCAN C. GONZALES F. HALIK T. WAGNER G. NEUBAUER Z. INTERVISTA DI ADRIANO DELL'ASTA, AMERICA TERRA DI PROSELITISMO O EVANGELIZZAZIONE. FEDE COME UNA QUERCIA, CARDINALE TOMASEK. UOMO PRIMA RISORSA PER L'ECONOMIA CONTEMPORANEA. TEMPIO BIZANTINO IMMAGINE DEL MONDO. MISTERO DEL SANTO GRAAL. INQUETUDINE NELLA GERMANIA PER I NUOVI PROFUGHI. RELIGIOSIT&#xC0; DELL'UOMO SOVIETICO. AMBIVALENZA DELLA CULTURA NEGLI ANNI ''60. </subfield>
  </datafield>
  <datafield tag="501" ind1=" " ind2=" ">
    <subfield code="a">Societ&#xE0; San Paolo EM - Piazza San Paolo, 14 - 12051 ALBA (CN)  (non commercial uses only) &#xAE; Copyright 2017</subfield>
  </datafield>
  <datafield tag="520" ind1=" " ind2=" ">
    <subfield code="a">EDITORIALE, TRAGEDIA JUGOSLAVA. LETTERE DEI LETTORI. ILLUSTRAZIONI BIANCO NERO E COLORI NEL TESTO. RECENSIONI LIBRARIE. GUZCAN C. GONZALES F. HALIK T. WAGNER G. NEUBAUER Z. INTERVISTA DI ADRIANO DELL'ASTA, AMERICA TERRA DI PROSELITISMO O EVANGELIZZAZIONE. FEDE COME UNA QUERCIA, CARDINALE TOMASEK. UOMO PRIMA RISORSA PER L'ECONOMIA CONTEMPORANEA. TEMPIO BIZANTINO IMMAGINE DEL MONDO. MISTERO DEL SANTO GRAAL. INQUETUDINE NELLA GERMANIA PER I NUOVI PROFUGHI. RELIGIOSIT&#xC0; DELL'UOMO SOVIETICO. AMBIVALENZA DELLA CULTURA NEGLI ANNI ''60. </subfield>
  </datafield>
  <datafield tag="650" ind1=" " ind2=" ">
    <subfield code="a">PERIODICI</subfield>
  </datafield>
  <datafield tag="942" ind1=" " ind2=" ">
    <subfield code="c">CR</subfield>
  </datafield>
  <datafield tag="957" ind1=" " ind2=" ">
    <subfield code="7">1</subfield>
  </datafield>
  <datafield tag="999" ind1=" " ind2=" ">
    <subfield code="a">11482</subfield>
    <subfield code="b">NO</subfield>
    <subfield code="g">1</subfield>
    <subfield code="c">319579</subfield>
    <subfield code="d">319579</subfield>
  </datafield>
  <datafield tag="952" ind1=" " ind2=" ">
    <subfield code="0">0</subfield>
    <subfield code="1">0</subfield>
    <subfield code="4">0</subfield>
    <subfield code="6">R_050R1505</subfield>
    <subfield code="7">1</subfield>
    <subfield code="a">ALBA</subfield>
    <subfield code="b">ALBA</subfield>
    <subfield code="d">2017-01-16</subfield>
    <subfield code="l">0</subfield>
    <subfield code="o">R050-R1505</subfield>
    <subfield code="r">2017-01-16 00:00:00</subfield>
    <subfield code="w">2017-01-16</subfield>
    <subfield code="y">CR</subfield>
    <subfield code="z">(data import: 16 gennaio 2017) - By Epidotti, Vaglietti. </subfield>
  </datafield>
</record>
